[Event "Vlissingen HZ op 11th"]
[Site "Vlissingen"]
[Date "2007.08.11"]
[Round "9"]
[White "Tiviakov, Sergei"]
[Black "Delemarre, Jop"]
[Result "1-0"]
[WhiteElo "2648"]
[BlackElo "2457"]
[PlyCount "85"]
[EventDate "2007.08.04"]
[EventType "swiss"]
[EventRounds "9"]
[EventCountry "NED"]
[SourceTitle "CBM 119 Extra"]
[Source "ChessBase"]
[SourceDate "2007.09.04"]
[SourceVersion "1"]
[SourceVersionDate "2007.09.04"]
[SourceQuality "1"]

1. e4 g6 2. d4 Bg7 3. c3 d6 4. Nf3 Nf6 5. Bd3 0-0 6. 0-0 c5 7. dxc5 dxc5 8. Qe2 Nc6 9. h3 Qc7 10. e5 Nd7 11. e6 Nde5 12. exf7+ Rxf7 13. Be4 Nxf3+ 14. Bxf3 Ne5 15. Bd5 e6 16. Be4 Rb8 17. Bg5 b5 18. Bh4 Bh6 19. Rd1 Bd7 20. Nd2 b4 21. Bg3 bxc3 22. bxc3 Bf4 23. Bxf4 Rxf4 24. Qe3 Nf7 25. Rab1 Rb5 26. Rxb5 Bxb5 27. Rb1 Ba6 28. Nb3 c4 29. Nc5 Bc8 30. Bb7 Rf5 31. Na6 Qxb7 32. Rxb7 Bxb7 33. Qxa7 Be4 34. Nc5 Bd5 35. Nd7 h5 36. a4 Bc6 37. Qb8+ Kg7 38. Qf8+ Kh7 39. Nc5 Bd5 40. Qe7 e5 41. a5 e4 42. a6 Re5 43. Qd7 1-0

[Event "Vlissingen HZ op 11th"]
[Site "Vlissingen"]
[Date "2007.08.09"]
[Round "7"]
[White "Delemarre, Jop"]
[Black "Zaragatski, Ilja"]
[Result "1-0"]
[WhiteElo "2457"]
[BlackElo "2480"]
[PlyCount "79"]
[EventDate "2007.08.04"]
[EventType "swiss"]
[EventRounds "9"]
[EventCountry "NED"]
[SourceTitle "CBM 119 Extra"]
[Source "ChessBase"]
[SourceDate "2007.09.04"]
[SourceVersion "1"]
[SourceVersionDate "2007.09.04"]
[SourceQuality "1"]

1. d4 d5 2. c4 Nc6 3. Nf3 e5 4. dxe5 Bb4+ 5. Bd2 dxc4 6. e3 Be6 7. Qa4 Bxd2+ 8. Nbxd2 a6 9. Nd4 b5 10. Nxc6 Qd7 11. Nb8 Qc8 12. Qa5 Qxb8 13. b3 c6 14. Qc3 Ne7 15. bxc4 0-0 16. Rb1 Ng6 17. f4 Qa7 18. Be2 f6 19. g4 bxc4 20. 0-0 Bd5 21. Rf2 fxe5 22. f5 Ne7 23. e4 Bf7 24. Qxe5 Rae8 25. Qc3 Nd5 26. Qf3 c3 27. Nc4 Qd4 28. Nd6 c2 29. Rc1 Qd2 30. Qa3 Nf4 31. Bf1 Qd4 32. Rcxc2 Rd8 33. Rcd2 Qe5 34. Nxf7 Kxf7 35. Qb3+ Kf6 36. g5+ Ke7 37. Qb7+ Ke8 38. Rxd8+ Kxd8 39. Rd2+ Nd5 40. Qxc6 1-0

[Event "Vlissingen HZ op 11th"]
[Site "Vlissingen"]
[Date "2007.08.08"]
[Round "6"]
[White "Ikonnikov, Vyacheslav"]
[Black "Delemarre, Jop"]
[Result "1/2-1/2"]
[WhiteElo "2558"]
[BlackElo "2457"]
[PlyCount "151"]
[EventDate "2007.08.04"]
[EventType "swiss"]
[EventRounds "9"]
[EventCountry "NED"]
[SourceTitle "CBM 119 Extra"]
[Source "ChessBase"]
[SourceDate "2007.09.04"]
[SourceVersion "1"]
[SourceVersionDate "2007.09.04"]
[SourceQuality "1"]

1. Nf3 Nf6 2. c4 e6 3. Nc3 d5 4. d4 Bb4 5. Bg5 h6 6. Bxf6 Qxf6 7. Qa4+ Nc6 8. e3 0-0 9. Rc1 dxc4 10. Bxc4 e5 11. d5 Bxc3+ 12. Rxc3 Ne7 13. 0-0 e4 14. Nd2 Qe5 15. f4 exf3 16. Nxf3 Qd6 17. Rd1 Bg4 18. Bb3 Bxf3 19. gxf3 c6 20. dxc6 Qg6+ 21. Kh1 bxc6 22. Qh4 Qg5 23. Qxg5 hxg5 24. Rc5 Rfd8 25. Rg1 g6 26. Rcxg5 Kg7 27. e4 Rd2 28. R1g2 Rad8 29. Ra5 R2d7 30. Kg1 Rh8 31. Re2 Ng8 32. e5 Rh3 33. e6 fxe6 34. Bxe6 Re7 35. Bxh3 Rxe2 36. Rxa7+ Kf6 37. Rb7 Ne7 38. Bf1 Rc2 39. a4 Nf5 40. Bd3 Rd2 41. Bxf5 Kxf5 42. a5 Rd1+ 43. Kf2 Ra1 44. b4 Kf4 45. Rf7+ Kg5 46. Rc7 Rb1 47. Rxc6 Rxb4 48. Kg3 Ra4 49. h4+ Kh6 50. Ra6 Ra1 51. Ra8 Rg1+ 52. Kh2 Ra1 53. a6 Kg7 54. a7 Kh7 55. f4 Ra5 56. Kg3 Kg7 57. h5 gxh5 58. f5 h4+ 59. Kxh4 Ra4+ 60. Kg3 Ra3+ 61. Kf4 Kf7 62. Rh8 Rxa7 63. Kg5 Ra6 64. Rb8 Rc6 65. Rb7+ Kf8 66. Rb5 Kg7 67. Rb1 Ra6 68. Rb7+ Kf8 69. Rh7 Kg8 70. Re7 Kf8 71. Re6 Rxe6 72. fxe6 Ke7 73. Kf5 Ke8 74. Kf6 Kf8 75. e7+ Ke8 76. Ke6 1/2-1/2

[Event "Vlissingen HZ op 11th"]
[Site "Vlissingen"]
[Date "2007.08.07"]
[Round "5"]
[White "Delemarre, Jop"]
[Black "Peralta, Fernando"]
[Result "1/2-1/2"]
[WhiteElo "2457"]
[BlackElo "2546"]
[PlyCount "168"]
[EventDate "2007.08.04"]
[EventType "swiss"]
[EventRounds "9"]
[EventCountry "NED"]
[SourceTitle "CBM 119 Extra"]
[Source "ChessBase"]
[SourceDate "2007.09.04"]
[SourceVersion "1"]
[SourceVersionDate "2007.09.04"]
[SourceQuality "1"]

1. d4 Nf6 2. c4 e6 3. Nf3 c5 4. d5 b5 5. dxe6 fxe6 6. cxb5 d5 7. Bf4 Bd6 8. Bxd6 Qxd6 9. Nbd2 0-0 10. e3 a6 11. a4 Nbd7 12. Be2 axb5 13. axb5 Rxa1 14. Qxa1 e5 15. b4 c4 16. e4 Nxe4 17. Nxe4 dxe4 18. Nd2 Qxb4 19. Qb1 Qc3 20. Qxe4 Nb6 21. Bxc4+ Kh8 22. Bb3 Rd8 23. Qc2 Qb4 24. g3 Bg4 25. f3 Bxf3 26. Rf1 e4 27. Rf2 e3 28. Rxf3 exd2+ 29. Kd1 Qd4 30. Ke2 Re8+ 31. Kf1 Nd5 32. Qd3 Ne3+ 33. Ke2 Nc4+ 34. Kf1 d1Q+ 35. Bxd1 Nd2+ 36. Kg2 Nxf3 37. Qxf3 Qb2+ 38. Kh3 Qxb5 39. Bc2 Qd7+ 40. Qf5 Qxf5+ 41. Bxf5 g6 42. Bd3 Kg7 43. Kg2 Re3 44. Bc4 g5 45. Bd5 Re2+ 46. Kg1 Rb2 47. Bf3 Kf6 48. Be4 h5 49. Bf3 g4 50. Bd5 Rd2 51. Bc6 Kg5 52. Be8 Rb2 53. Bf7 Rb7 54. Bd5 Rc7 55. Be4 Rc4 56. Bd3 Rb4 57. Kg2 Rd4 58. Bb5 Rd2+ 59. Kg1 Rb2 60. Bc4 Kf6 61. Bd5 Kg5 62. Bc4 Rd2 63. Bb5 Rd5 64. Bc4 Rc5 65. Bd3 Kf6 66. Be4 Ke5 67. Bb7 Ra5 68. Kg2 Kf6 69. Bc6 Kg5 70. Be4 Ra3 71. Bd5 Rc3 72. Bb7 Rc2+ 73. Kg1 h4 74. gxh4+ Kxh4 75. Ba6 Kg5 76. Bb7 Kf4 77. Bd5 Rc5 78. Bb7 Rf5 79. Kg2 Rb5 80. Bc6 Rb2+ 81. Kg1 Rd2 82. Bb7 Re2 83. Bc6 Re6 84. Bd5 Re5 1/2-1/2

[Event "Dresden ZMD op"]
[Site "Dresden"]
[Date "2007.07.28"]
[Round "8"]
[White "Ghaem Maghami, Ehsan"]
[Black "Delemarre, Jop"]
[Result "1-0"]
[WhiteElo "2610"]
[BlackElo "2457"]
[PlyCount "63"]
[EventDate "2007.07.21"]
[EventType "swiss"]
[EventRounds "9"]
[EventCountry "GER"]
[SourceTitle "EXT 2008"]
[Source "ChessBase"]
[SourceDate "2007.11.25"]
[SourceVersion "1"]
[SourceVersionDate "2007.11.25"]
[SourceQuality "1"]

1. c4 e5 2. g3 c6 3. d4 Bb4+ 4. Bd2 Bxd2+ 5. Qxd2 d6 6. Nc3 Nf6 7. Bg2 0-0 8. e3 Re8 9. Nge2 e4 10. h3 h5 11. 0-0 Na6 12. Nf4 Nc7 13. f3 g5 14. Nfe2 exf3 15. Rxf3 g4 16. hxg4 Bxg4 17. Rf2 Nh7 18. Raf1 Ng5 19. e4 Re6 20. Nf4 Rh6 21. b4 h4 22. gxh4 Nh7 23. h5 Qg5 24. e5 dxe5 25. Ne4 Qg7 26. dxe5 Qxe5 27. Nd5 cxd5 28. Qxh6 Bxh5 29. Nd6 Rf8 30. Nf5 Bg6 31. Re2 Qc3 32. Ne7+ 1-0

[Event "Dresden ZMD op"]
[Site "Dresden"]
[Date "2007.07.22"]
[Round "2"]
[White "Stanik, Hans"]
[Black "Delemarre, Jop"]
[Result "0-1"]
[WhiteElo "2057"]
[BlackElo "2457"]
[PlyCount "90"]
[EventDate "2007.07.21"]
[EventType "swiss"]
[EventRounds "9"]
[EventCountry "GER"]
[SourceTitle "EXT 2008"]
[Source "ChessBase"]
[SourceDate "2007.11.25"]
[SourceVersion "1"]
[SourceVersionDate "2007.11.25"]
[SourceQuality "1"]

1. d4 Nf6 2. Nf3 g6 3. Bf4 Bg7 4. e3 d6 5. h3 0-0 6. Be2 c5 7. c3 Nc6 8. 0-0 Qb6 9. Qb3 Be6 10. Qxb6 axb6 11. a3 c4 12. Ng5 Bd5 13. e4 Nxe4 14. Nxe4 Bxe4 15. Bxc4 Na5 16. Ba2 e5 17. dxe5 dxe5 18. Be3 b5 19. Nd2 Bd3 20. Rfe1 Nc4 21. Nxc4 bxc4 22. Rad1 e4 23. Bb1 Rfe8 24. f3 f5 25. f4 Kf7 26. Rd2 Ra5 27. Bc2 Re7 28. Bd1 Bf6 29. g3 Rd5 30. Kf2 Red7 31. Be2 Bxe2 32. Rxd5 Rxd5 33. Rxe2 Ke6 34. Rd2 Rd3 35. Ke2 Kd5 36. Rd1 Rxd1 37. Kxd1 Be7 38. Ke2 Bc5 39. a4 h5 40. h4 b6 41. Kd2 Kc6 42. Bd4 Kb7 43. a5 Bxd4 44. cxd4 bxa5 45. Kc3 e3 0-1